[Event "Memorial Jorge Szmetan 2017"]
[Site "Buenos Aires"]
[Date "2017.04.17"]
[Round "1"]
[White "Bachmann, Axel"]
[Black "Slipak, Sergio"]
[Result "1-0"]
[WhiteElo "2646"]
[BlackElo "2465"]
[Annotator "TA"]
[PlyCount "57"]
[EventDate "2017.04.17"]
[EventType "tourn"]
[EventCountry "ARG"]
[SourceTitle "playchess.com"]
[Source "ChessBase"]
[SourceQuality "1"]

{[%evp 15,57,19,32,33,30,27,53,27,31,19,14,12,16,-14,-11,-8,-8,-7,28,0,0,-10,170,98,163,141,162,151,221,225,173,143,200,209,885,900,900,897,892,888,934,926,1333,1325]} 1. c4 e6 2. Nf3 Nf6 3. g3 d5 4. b3 Be7 5. Bg2 O-O 6. O-O a5 7. Nc3 c6 8. Bb2 {A14: English Opening: 1...e6 with b3 by White} b6 {LiveBook: 3 Games} 9. d3 (9. Rc1 Ba6 10. d3 Nbd7 11. Nd4 Rc8 12. e3 Re8 13. f4 Bf8 14. Qd2 e5 15. Nf3 exf4 16. gxf4 {0-1 (50) Mareco,S (2606)-Sadorra,J (2560) Baku 2016}) 9... Bb7 10. e3 {White has an edge.} Na6 {[%cal Bb8a6,Ba6c5,Bc5e4][%mdl 32]} 11. Qe2 Nc5 12. Rad1 a4 13. d4 Nce4 14. Nxa4 $146 ({But not} 14. bxa4 Nd6 15. Ba3 Nxc4 16. Bxe7 Qxe7 $17) (14. Nd2 Nxd2 15. Qxd2 a3 16. Ba1 {0-1 (32) Thorsteins,K (2305)-Abramovic,B (2445) Reykjavik 1982}) 14... b5 $1 {[%cal Rb5a4]} 15. Nc3 bxc4 16. bxc4 Qa5 17. Nxe4 Nxe4 18. Ne5 {[%cal Bf3e5,Be5d7,Bd7b6][%mdl 32]} Qxa2 $2 {[#]} (18... f6 $11 19. Nd7 Rfd8 20. Bxe4 dxe4) 19. Qc2 ({White should try} 19. Bxe4 $1 $18 dxe4 20. Qc2) 19... Ba3 (19... Qa4 $16 20. Bxe4 dxe4 21. Qxe4 Qb3) 20. Bxe4 dxe4 21. Rb1 {[%cal Bd1b1,Bb1a1,Ba1a7][%mdl 32]} c5 (21... Rfd8 $16 {was called for.}) 22. dxc5 $18 f6 23. Nd7 Rf7 (23... Rfd8 $16 {is a better defense.}) 24. Nb6 Ra7 $2 {[#]} (24... Ra6 25. Rfd1 (25. Na4 Bxb2 26. Nxb2 Bc6 $11) 25... h6) 25. Ra1 {White is clearly winning.} Qxb2 26. Qxb2 Bxb2 27. Rxa7 Bc6 28. Nc8 Be5 29. Ne7+ 1-0

[Event "Memorial Jorge Szmetan 2017"]
[Site "Buenos Aires"]
[Date "2017.04.17"]
[Round "1"]
[White "Flores, Diego"]
[Black "Garcia Palermo, Carlos"]
[Result "0-1"]
[WhiteElo "2568"]
[BlackElo "2450"]
[Annotator "TA"]
[PlyCount "80"]
[EventDate "2017.04.17"]
[EventType "tourn"]
[EventCountry "ARG"]
[SourceTitle "playchess.com"]
[Source "ChessBase"]
[SourceQuality "1"]

{[%evp 10,80,-20,-14,-24,-22,0,-7,42,39,61,38,49,46,42,21,46,13,42,-60,-49,-59,-64,-106,-10,-116,-120,-131,-119,-271,-279,-260,-243,-394,-365,-452,-458,-445,-354,-378,-363,-593,-500,-445,-349,-329,-199,-176,-199,-202,-187,-238,-237,-256,-259,-245,-245,-254,-228,-367,-354,-397,-397,-1075,-1079,-851,-767,-610,-595,-590,-548,-592,-575]} 1. c4 e6 2. d4 Nf6 3. Nc3 Bb4 4. e3 O-O 5. a3 Bxc3+ 6. bxc3 Nc6 {E28: Nimzo-Indian: Sämisch: 5...0-0 6 e3} (6... b6 7. Bd3 Bb7 8. f3 c5 9. Ne2 Nc6 10. e4 Ne8 11. O-O Na5 12. f4 f5 13. Ng3 Nd6 14. exf5 exf5 15. dxc5 bxc5 16. Rb1 Qc7 17. Re1 g6 18. Bf1 Rae8 19. Be3 Ndxc4 {0-1 (44) Anton Guijarro,D (2631)-Eljanov,P (2723) Dubai 2014}) 7. Bd3 b6 8. e4 {[%cal Be3e4,Be4e5][%mdl 32]} Ne8 {The position is equal.} 9. Nf3 Ba6 10. e5 f6 $146 (10... f5 11. Bg5 Qc8 12. d5 Na5 13. Qe2 Rf7 14. Rb1 h6 15. Bc1 {1-0 (34) Bigabylov,Z (2152)-Kesidis,O (2228) Chalkidiki 2016}) 11. Qc2 h6 12. Qe2 Na5 13. exf6 Nxf6 14. Ne5 ({White should try} 14. Bf4 $14) 14... d6 $1 $15 {[%cal Bd7d6,Bd6e5,Be5e4][%mdl 32]} 15. Ng6 Re8 16. O-O {[#]} Qd7 (16... e5 $1 $17 {[%cal Re5e4] Threatens to win with ...e4.} 17. dxe5 dxe5) 17. Re1 {[#]} (17. f4 $1 $11) 17... e5 $1 $17 {[%cal Re5d4]} 18. dxe5 dxe5 19. Rd1 $2 (19. f3 $17 {keeps fighting.}) 19... e4 $19 20. Bc2 Qf7 21. Nh4 $2 (21. Nf4) 21... Bxc4 22. Qe3 Qh5 23. Qg3 Bd3 24. Bxh6 Qxh6 25. Rxd3 $2 (25. Bxd3 exd3 26. Nf5) 25... exd3 26. Nf5 Qh7 27. Bxd3 Rad8 {...g6 is the strong threat.} 28. Ne7+ Rxe7 29. Bxh7+ Kxh7 30. h3 (30. f3 $142) 30... Nb3 31. Qh4+ Kg6 32. Rb1 Nd2 33. Rc1 Rd3 34. Kh1 (34. Qa4 {might work better.}) 34... Re4 35. f4 Kf7 36. Re1 $2 (36. Qf2) 36... g5 {Black is clearly winning.} 37. Qf2 Rxf4 (37... gxf4 $2 38. Rd1 Nf3 39. Rxd3 $17) 38. Qe2 Nde4 {White must now prevent ...Ng3+.} ({Stronger than} 38... Rxc3 39. Qxd2 Rc5 40. Qa2+ Kg6 41. Qb1+ Kf7 42. Qb3+ Kg6 43. Re7 $16) 39. Kg1 Rd2 40. Qc4+ Kg6 0-1

[Event "Memorial Jorge Szmetan 2017"]
[Site "Buenos Aires"]
[Date "2017.04.17"]
[Round "1"]
[White "Pichot, Alan"]
[Black "Hoffman, Alejandro"]
[Result "0-1"]
[WhiteElo "2556"]
[BlackElo "2488"]
[Annotator "TA"]
[PlyCount "136"]
[EventDate "2017.04.17"]
[EventType "tourn"]
[EventCountry "ARG"]
[SourceTitle "playchess.com"]
[Source "ChessBase"]
[SourceQuality "1"]

{[%evp 15,136,22,32,28,32,29,35,23,12,29,20,16,15,6,8,13,24,20,10,-7,0,0,0,0,0,-48,-10,-79,-57,-81,-17,-71,-33,-58,-19,-21,-17,-20,-15,-29,0,-14,0,0,0,0,0,0,0,0,0,0,0,0,0,0,0,0,0,-14,0,-72,0,-68,-47,-115,-15,-8,-20,-20,0,0,0,0,0,0,0,0,0,0,0,0,0,0,0,-164,-157,-233,-214,-525,-521,-431,-196,-233,-234,-2159,-868,-29975,-29976,-29973,-29977,-29976,-29968,-29982,-29982,-29983,-29984,-29983,-29954,-29961,-4672,-5089,-2206,-1375,0,-1658,0,-6211,-7202,-29990,-29991,-29991,-29992]} 1. e4 e5 2. Nf3 Nc6 3. Bb5 Nf6 4. O-O d6 5. d3 Bd7 6. c3 g6 7. Re1 Bg7 8. Nbd2 {[%cal Bb1d2,Bd2f1,Bf1g3][%mdl 32]} O-O 9. Nf1 {C66: Ruy Lopez: Steinitz Defence} (9. Ba4 Nh5 10. Nf1 Kh8 11. h3 f5 12. exf5 gxf5 13. d4 e4 14. Ng5 Nf6 15. d5 Ne5 16. Bxd7 Qxd7 {1-0 (42) Caruana,F (2804)-Kramnik,V (2812) Paris 2016}) 9... h6 10. Ng3 Qe7 11. a4 {White is slightly better.} a6 12. Bc4 Na5 $146 (12... Be6 13. a5 Bxc4 14. dxc4 Qe6 15. b3 Ne7 16. h3 Nd7 {½-½ (31) Luetke,J (2326)-Semina,S (2182) Germany 2005}) 13. Ba2 c5 14. Be3 Kh7 15. b4 cxb4 16. cxb4 Nc6 {[%cal Ba5c6,Bc6d8,Bd8e6,Be6c5][%mdl 32]} 17. Qd2 Bg4 18. b5 axb5 19. axb5 Nd8 20. b6 Ne6 21. Qb4 (21. Bxe6 $11 fxe6 22. Ra7) 21... Bxf3 $17 22. gxf3 h5 (22... Nf4 $17 23. Bc4 Rxa1 24. Rxa1 Nh3+ 25. Kf1 Nd7) 23. Kh1 (23. Bxe6 $11 Qxe6 24. Ra7) 23... Bh6 24. Ne2 Bxe3 25. fxe3 Nc5 26. Bc4 Rxa1 27. Rxa1 Nfd7 28. d4 exd4 29. exd4 (29. Nxd4 Nxe4 $1 {[%mdl 512]} 30. Be2 Nec5 $17) 29... Nxe4 30. fxe4 Qxe4+ 31. Kg1 Qe3+ 32. Kg2 Qe4+ 33. Kf2 Qh4+ 34. Kg2 Qe4+ 35. Kf2 Qh4+ 36. Kg1 Qg4+ 37. Kf2 Qh4+ 38. Kf1 (38. Kg1 $11 {remains equal.} Qg4+ 39. Kh1 Qe4+ 40. Kg1 Qg4+) 38... Qxh2 ({Black should try} 38... Nf6 $1 $17 {[%cal Rf6g4] Strongly threatening ...Ng4.} 39. Qe1 (39. Qxd6 Ne4 40. Qf4 Qxf4+ 41. Nxf4 Nd2+ 42. Ke2 Nxc4 $17) 39... Qxh2) 39. Ra3 (39. Qb3 $11) 39... Nf6 $15 {[%mdl 1024] Black has compensation.} 40. Rf3 (40. Qb3 $15) 40... Ng4 (40... Qh1+ $6 41. Ng1 Kg7 42. Rxf6 $1 {[%mdl 512]} (42. Qxd6 Ng4 $11) 42... Kxf6 43. Qxd6+ Kg7 44. Qe5+ (44. Bd5 Qh4 45. Bxb7 Rd8 46. Qe5+ Qf6+ 47. Qxf6+ Kxf6 $11) 44... Kh6 45. Bd5 $14) (40... Ra8 $1 $17 {[%cal Ra8a1]} 41. Qb1 (41. Qc3 Ne4 42. Rxf7+ Kh6 43. Qe3+ g5 44. Rh7+ Kxh7 $17) 41... Kg7) 41. Ke1 $11 Qh1+ (41... Re8 $2 42. Rxf7+ Kh6 43. Kd2 $18) 42. Rf1 Qh4+ 43. Kd2 Qe7 44. Rf3 Kg7 45. Qb5 h4 46. Bb3 Kh6 47. Rh3 f5 48. Nf4 $1 {[%cal Rf4e6] aiming for Ne6.} (48. Kc3 Nf2 49. Rh2 Qe3+ 50. Kb2 Qd2+ 51. Ka3 Ra8+ 52. Ba4 Qe3+ 53. Qb3 Qxe2 $19) 48... Qe4 $36 {[%mdl 2048] Black has the initiative.} 49. Rxh4+ Kg5 50. Rxg4+ $2 (50. Ne6+ $1 $11 Kxh4 51. Nxf8) 50... Kxg4 $19 51. Ne6 (51. Ne2 $17 Re8 52. Bd1 Qe3+ 53. Kc2) 51... Rh8 $1 {[%cal Rh8h2]} 52. Qf1 $2 (52. Bd1+ Kg3 53. Qd3+ (53. Qb3+ $2 Kf2 54. Qd3 Ra8 $19) 53... Qxd3+ 54. Kxd3) 52... Rh2+ $1 53. Kc3 f4 (53... Rh3+ $2 54. Qxh3+ $1 {[%mdl 512]} Kxh3 55. Ng5+ Kg3 56. Nxe4+ fxe4 57. Kd2 $18 (57. Bd5 $2 e3 58. Bxb7 e2 $19)) (53... Qe3+ $142 54. Kb4 f4) 54. Bd1+ Kf5 55. Qb5+ $2 (55. Ng7+ Kf6 56. Ne8+ $1 {[%mdl 512]} Ke7 57. Nc7) 55... Kf6 ({Not} 55... Kxe6 $2 56. Qe8+ Kf5 {[#]} 57. Bg4+ $1 {[%mdl 512]} Kxg4 58. Qxe4 Rh3+ 59. Kb4 $18) (55... d5 $142 56. Qd3 Kxe6 57. Bg4+ Kd6) 56. Qg5+ Kxe6 {[%mdl 4096] Endgame KQR-KQB} 57. Bb3+ d5 58. Kb4 Qxd4+ 59. Kb5 Qd3+ 60. Kb4 Qe4+ 61. Ka5 Rb2 62. Qd8 Qe1+ (62... Rxb3 63. Qe7+ Kxe7 $11) (62... Qe5 $142 63. Qc8+ Kf6 64. Qd8+ Kf5 65. Ka4 f3 66. Qc8+ Ke4 67. Ka3 Rd2 68. Kb4 f2 69. Qc1 Qd6+ 70. Kc3 Qg3+ 71. Kb4 Qd6+ 72. Kc3 Rd3+ 73. Kb2 Qf6+ 74. Ka2 f1=Q 75. Bxd5+ Rxd5 76. Qc2+ Kf4 77. Qc7+ Rd6 78. Qc3 Qe2+ 79. Kb1 Rxb6+ 80. Qb4+ Rxb4+ 81. Kc1 Qc6#) 63. Ka4 Qa1+ 64. Kb4 Qe1+ 65. Ka4 $1 {Black must now prevent Qe8+.} Qe4+ 66. Ka5 $1 Kf5 ({Worse is} 66... Rxb3 67. Qe7+ Kf5 68. Qf8+ Kg5 69. Qxf4+ Kh5 70. Qg5+ Kxg5 $11) 67. Qh8 Qe1+ ({Inferior is} 67... Rxb3 68. Qf6+ Kg4 69. Qxf4+ Kxf4 $11) 68. Ka4 Qa1+ 0-1

[Event "Memorial Jorge Szmetan 2017"]
[Site "Buenos Aires"]
[Date "2017.04.17"]
[Round "1"]
[White "Morovic Fernandez, Ivan"]
[Black "Mareco, Sandro"]
[Result "1-0"]
[WhiteElo "2527"]
[BlackElo "2655"]
[Annotator "TA"]
[PlyCount "69"]
[EventDate "2017.04.17"]
[EventType "tourn"]
[EventCountry "ARG"]
[SourceTitle "playchess.com"]
[Source "ChessBase"]
[SourceQuality "1"]

{[%evp 21,69,5,18,27,28,11,24,16,19,20,23,0,49,0,0,0,0,0,11,16,17,0,15,9,21,26,22,15,22,13,16,26,9,12,12,8,112,78,164,21,75,22,546,531,2134,880,29992,29993,29996,29997]} 1. d4 Nf6 2. Nf3 e6 3. e3 c5 4. Bd3 Nc6 5. O-O d5 6. c3 Bd6 7. Nbd2 O-O 8. dxc5 Bxc5 9. b4 Bd6 10. Bb2 e5 {D05: Colle System with ...e6} (10... Bd7 11. a3 a5 12. Qe2 Ne7 13. e4 e5 14. Rfe1 Re8 15. Rad1 axb4 16. axb4 Ra2 17. Rb1 Ng6 18. g3 {0-1 (53) Ganguly,S (2652)-Kravtsiv,M (2621) Berlin 2015}) 11. e4 Bg4 {LiveBook: 6 Games} 12. Re1 Rc8 $146 {White has an edge.} (12... Re8 13. h3 Bh5 14. exd5 Nxd5 15. Qc2 Nf6 16. b5 Na5 17. c4 Qc7 18. Rac1 {½-½ (62) Richter,M (2505)-Hertneck,G (2476) Germany 2016}) 13. h3 Bxf3 14. Qxf3 d4 15. a3 Bb8 16. Nb3 a6 17. Rad1 dxc3 18. Bxc3 Qe7 (18... Nd4 $2 19. Bxd4 exd4 20. e5 $18) 19. Bc4 Nd4 20. Bxd4 exd4 21. Nc5 {e5 is the strong threat.} (21. Rxd4 Be5 22. Qd3 Rfe8 $17) 21... Be5 {With the idea ...b6.} 22. Qf5 {aiming for f4.} b6 {White must now prevent ...g6.} 23. Nd3 $36 {[%mdl 2048] White is more active.} Rxc4 24. Nxe5 g6 25. Qg5 h6 $1 {[%cal Rh6g5]} 26. Qf4 Nh5 27. Qh2 Rc3 $1 28. Rxd4 Qf6 (28... Rd8 $11 {remains equal.} 29. Rxd8+ Qxd8) 29. Rd5 {Strongly threatening g4.} Rxa3 (29... Qe7 $16 {was worth a try.}) 30. Ng4 (30. Nd7 $18 Qc3 31. Red1) 30... Qc3 {[#]} (30... Qf4 $11) 31. Red1 ({White should try} 31. Rdd1 $1 $16) 31... Qxb4 $2 {[%mdl 8192] [#]} (31... Nf6 $11 {and Black has nothing to worry.} 32. Nxf6+ (32. Nxh6+ Kg7 33. Qf4 Nxd5 34. exd5 Qf6 $15) 32... Qxf6) 32. Rxh5 $1 $18 {[%mdl 512]} ({Less strong is} 32. Nxh6+ Kh7 $14) ({Weaker is} 32. Qe5 Ra5 33. Nxh6+ Kh7 $16) 32... gxh5 33. Nf6+ (33. Nxh6+ $142 Kh7 34. Qf4) 33... Kh8 34. Qf4 {[%cal Rf4h6]} Kg7 35. Nxh5+ 1-0

[Event "Memorial Jorge Szmetan 2017"]
[Site "Buenos Aires"]
[Date "2017.04.17"]
[Round "1"]
[White "Sosa, Tomas"]
[Black "Van Riemsdijk, Herman C"]
[Result "1-0"]
[WhiteElo "2459"]
[BlackElo "2318"]
[Annotator "TA"]
[PlyCount "59"]
[EventDate "2017.04.17"]
[EventType "tourn"]
[EventCountry "ARG"]
[SourceTitle "playchess.com"]
[Source "ChessBase"]
[SourceQuality "1"]

{[%evp 29,59,0,10,8,22,18,32,27,90,89,88,90,93,93,87,61,81,73,130,129,117,133,112,126,133,132,113,108,98,129,902,879]} 1. e4 e5 2. Nf3 Nc6 3. Bb5 {[%cal Bf1b5,Bb5a4,Ba4b3][%mdl 32]} a6 4. Ba4 Nf6 5. O-O Be7 6. Re1 b5 7. Bb3 d6 8. c3 O-O 9. d4 {[%cal Bd2d4,Bd4d5][%mdl 32]} Bg4 10. d5 Na5 {[%cal Bc6a5,Ba5c4,Bc4b6,Bb6d7,Bd7c5][%mdl 32]} 11. Bc2 c6 12. h3 Bc8 13. dxc6 Qc7 14. Nbd2 Qxc6 15. Nf1 Nc4 16. a4 {[%cal Ba2a4,Ba4a5][%mdl 32] C91: Closed Ruy Lopez: 7...d6 8 c3 0-0 9 d4} (16. Ng3 Re8 17. a4 Bb7 18. Qe2 Nb6 19. axb5 axb5 20. Bg5 Qd7 21. Rad1 Bd8 22. Nf5 Nc8 23. Bxf6 Bxf6 24. Bb3 Ra6 25. Qd3 {1-0 (45) Kamsky,G (2659)-Naroditsky,D (2646) Saint Louis 2017}) 16... Nb6 17. a5 $146 (17. Bg5 Nxa4 18. Bxa4 bxa4 19. Ne3 Qxe4 20. Bxf6 Bxf6 21. Qxd6 Bxh3 22. c4 Rfd8 23. Qc7 Rd3 {0-1 (40) Tseshkovsky,V (2549)-Klovans,J (2408) Condino 2009}) 17... Nbd7 18. Ng3 {White is slightly better.} g6 (18... Nc5 $11 {remains equal.}) 19. Bh6 $16 Re8 20. Qd2 Nc5 21. b4 Ne6 22. Bb3 {Strongly threatening Bd5.} Qc7 23. Rad1 Bb7 (23... Rd8 $142) 24. Ng5 Nxg5 25. Bxg5 (25. Qxg5 Nxe4 26. Qe3 Nxg3 27. Qxg3 (27. fxg3 Rad8 $15) 27... Bf6 $15) 25... Rad8 26. Qa2 Rf8 27. Bh6 Qxc3 28. Re3 Qxb4 {[#]} 29. Nf5 $1 {[%mdl 512]} ({Weaker is} 29. Bxf8 Rxf8 30. Rb1 Kg7 $15) 29... gxf5 $4 {[%mdl 8192]} (29... d5 $16) 30. Rg3+ 1-0

[Event "Memorial Jorge Szmetan 2017"]
[Site "Buenos Aires"]
[Date "2017.04.17"]
[Round "1"]
[White "Darcyl, Tomas"]
[Black "Granda Zuniga, Julio E"]
[Result "0-1"]
[WhiteElo "2405"]
[BlackElo "2658"]
[Annotator "TA"]
[PlyCount "76"]
[EventDate "2017.04.17"]
[EventType "tourn"]
[EventCountry "ARG"]
[SourceTitle "playchess.com"]
[Source "ChessBase"]
[SourceQuality "1"]

{[%evp 10,76,3,-3,25,22,23,27,42,13,37,16,15,-4,-7,-26,-7,0,0,-8,0,-33,33,17,26,-8,0,-100,-113,-133,-104,-111,-106,-126,-134,-114,-117,-131,-111,-125,-116,-170,-116,-165,-118,-236,-182,-200,-211,-246,-240,-264,-274,-306,-278,-335,-333,-585,-557,-544,-440,-506,-480,-674,-675,-713,-685,-29990,-29991]} 1. Nf3 f5 2. e4 fxe4 3. Ng5 Nf6 4. d3 e5 5. dxe4 h6 6. Nf3 {LiveBook: 5 Games. A04: Unusual lines after 1 Nf3 and King's Indian Attack} Qe7 (6... Nc6 7. Bc4 Bc5 8. O-O d6 9. h3 Na5 10. Bd3 O-O 11. Nc3 a6 12. Qe2 Nc6 13. Be3 Bxe3 14. Qxe3 {½-½ (58) Bu,X (2714)-Zhang,Z (2649) Beijing 2008}) 7. Nc3 d6 8. Bc4 $146 {White has an edge.} (8. h3 Be6 9. Nh4 Qf7 10. Nf5 g6 11. Ne3 Nbd7 12. Ned5 Bxd5 13. exd5 {½-½ (48) Azevedo,E (1909)-Pinto,C (2124) Joao Pessoa 2012}) 8... g5 {[%cal Bg7g5,Bg5g4][%mdl 32]} 9. h4 g4 10. Nd2 (10. Nh2 $5 {looks sharper.} Bd7 11. Nf1 Nc6 12. Ng3 O-O-O 13. Be3) 10... c6 11. a4 Be6 12. Qe2 Nbd7 13. Bxe6 Qxe6 14. Nf1 d5 15. Ng3 Bc5 (15... d4 $15 16. Nb1 O-O-O) 16. O-O O-O-O {[%cal Be8c8,Bc8b8,Bb8a8][%mdl 32]} 17. Bd2 Kb8 18. b4 (18. a5 $11) 18... Bxb4 $17 19. Rfb1 Bxc3 20. Bxc3 Ka8 $36 {[%mdl 2048] Black is really pushing.} 21. Bd2 Nc5 {[%cal Rf6e4]} 22. exd5 cxd5 ({Resist} 22... Qxd5 23. Rd1 Nce4 24. Nxe4 Qxe4 25. Qxe4 Nxe4 {[#]} 26. Bxh6 $1 $11 {[%mdl 512]}) 23. Rb5 Rc8 24. Rab1 Rc6 ({Much worse is} 24... b6 $6 25. a5 Nfd7 26. axb6 Nxb6 27. Be3 $11) 25. Qe3 (25. a5 $17 {was worth a try.}) 25... Nfd7 ({Black should play} 25... Nxa4 $19 26. Qa3 (26. Rxb7 $2 Nb6 27. R7xb6 Rxb6 $19) 26... Nb6) 26. Qa3 Rhc8 27. h5 (27. a5 $17) 27... a6 28. R5b4 Nb6 29. Bc1 Nc4 30. Rxc4 dxc4 {[%cal Bd5c4,Bc4c3][%mdl 32]} 31. a5 Qd7 {Strongly threatening ...Qd1+.} 32. Be3 Ne6 33. Ne4 $2 (33. Qc3 {keeps fighting.}) 33... Nd4 $19 34. Qa4 c3 35. Nc5 Qd5 36. Nd3 (36. Bxd4 $142 Qxd4 37. Qxd4 exd4 38. Nd3) 36... Rc4 37. Qa2 {[#]} Nf3+ $1 38. gxf3 gxf3 0-1

[Event "Memorial Jorge Szmetan 2017"]
[Site "Buenos Aires"]
[Date "2017.04.18"]
[Round "2"]
[White "Granda Zuniga, Julio E"]
[Black "Hoffman, Alejandro"]
[Result "1-0"]
[WhiteElo "2658"]
[BlackElo "2488"]
[Annotator "TA"]
[PlyCount "143"]
[EventDate "2017.04.17"]
[EventType "tourn"]
[EventCountry "ARG"]
[SourceTitle "playchess.com"]
[Source "ChessBase"]
[SourceQuality "1"]

{[%evp 21,143,0,0,0,0,0,47,-75,39,-144,22,-156,14,0,0,0,13,-208,-126,-454,-10,-20,12,22,72,68,91,65,48,69,83,66,111,98,123,139,105,102,143,144,163,144,144,138,139,146,154,158,151,144,141,60,39,0,53,63,53,64,76,68,83,19,209,198,185,112,112,21,45,0,79,0,519,436,344,98,99,99,225,225,232,189,174,174,210,173,160,160,143,145,134,132,129,118,122,0,100,0,0,0,0,0,0,0,1039,810,560,0,0,0,1524,1537,1486,1486,1464,1450,1450,1421,1421,1412,1412,1330,1330,1310]} 1. Nf3 g6 2. d4 {[%cal Bd2d4,Bd4d5][%mdl 32]} Bg7 3. e4 c5 4. d5 d6 5. h3 Nf6 6. Nc3 O-O 7. a4 e6 8. Be2 {A43: Schmid Benoni} exd5 9. exd5 Na6 10. Nd2 Nb4 11. Nc4 Re8 {LiveBook: 3 Games} 12. Ne3 $146 (12. O-O Bf5 13. Ne3 Rxe3 14. Bxe3 Nxc2 15. g4 Nxe3 16. fxe3 {0-1 (49) Roktim,B (2383)-Neelotpal,D (2512) Hyderabad 2006}) 12... b6 13. O-O Ba6 14. Bf3 (14. Nb5 $14 {stays ahead.}) 14... Bf8 (14... Bxf1 $17 15. Kxf1 Bf8) 15. b3 $2 (15. Nb5 $14 {keeps the upper hand.} Bb7 16. c3) 15... Nd7 $2 ({Black should play} 15... Bxf1 $17 16. Nxf1 Nd7) 16. Bb2 $2 (16. Nb5 $1 $11 Bg7 17. Ra3) 16... Ne5 $2 (16... Bxf1 $17 17. Qxf1 Bg7) 17. Be2 Bg7 18. Rb1 f5 19. f4 $2 (19. Nb5 $11 {and White stays safe.}) 19... Nf7 20. Nb5 $2 {[%mdl 8192]} (20. Nc4 $17 {is more resistant.}) 20... Bb7 $2 (20... Rxe3 $19 21. Bxg7 Qe7) 21. Bxg7 $1 $11 Kxg7 22. Rf3 a6 23. Nc3 Qf6 24. Qd2 Re7 25. Rd1 Rae8 26. Bf1 h5 27. Nc4 g5 28. fxg5 Nxg5 29. Rf4 Ne4 30. Nxe4 Rxe4 31. Nxb6 {Hoping for c3.} Rxf4 32. Qxf4 {Black must now prevent c3!} Nxc2 33. Nc4 {[%cal Bb6c4,Bc4a5,Ba5c6][%mdl 32]} Rd8 34. Na5 Rd7 35. Nc6 $1 (35. Nxb7 $6 Rxb7 36. Qg3+ (36. Bxa6 Rxb3 37. Kh1 Ne3 $11) 36... Qg6 $11) 35... Rc7 36. Qd2 ({White should try} 36. Rd2 $16 Bxc6 37. Rxc2 (37. dxc6 Nd4 $16)) 36... Bxc6 $14 37. dxc6 Nd4 (37... Qd4+ $1 $11 38. Qxd4+ Nxd4) 38. Bxa6 {Strongly threatening b4.} Rxc6 39. Bb5 Rc7 40. Bc4 Re7 41. Re1 ({Better is} 41. Kh1 $16) 41... Re5 $2 (41... d5 $11 42. Rxe7+ (42. Bxd5 $2 Rd7 43. Qd1 Rxd5 $19) 42... Qxe7) 42. Rxe5 Qxe5 43. Qg5+ (43. a5 $1 $18) 43... Kf8 $16 44. Qd8+ (44. Qxh5 $6 d5 $11) (44. a5 $1 $16) 44... Kg7 $11 45. Qg5+ Kf8 46. Qg6 ({Much worse is} 46. Qxh5 d5 47. Bf1 (47. Qh6+ Kf7 48. Qh7+ Kf8 $11) 47... Nxb3 $11) (46. a5 $16) 46... Ne2+ $2 {[%mdl 8192]} (46... d5 $11 {and Black is okay.} 47. Bb5 Nxb3) 47. Bxe2 Qxe2 48. Qxf5+ $2 $18 {[%mdl 4096] Endgame KQ-KQ} (48. Qxd6+ $18 Ke8 49. Qxc5) 48... Ke7 $16 49. Kh2 Qd2 {[#]} (49... Kd8 $16) 50. h4 $1 $18 ({Less strong is} 50. Qxh5 Qf4+ 51. Kg1 Qe3+ 52. Kf1 Qxb3 $16) 50... d5 51. Qe5+ Kd7 52. a5 Kc6 53. Qf6+ Kb7 54. Qb6+ Ka8 55. Qxc5 Qf4+ 56. Kg1 d4 57. Qc6+ Ka7 58. Qc5+ Ka8 59. Qxh5 (59. Qc2 $16) 59... Qe3+ 60. Kh2 {Qd5+ is the strong threat.} Qf4+ $1 61. Kh3 Qe3+ 62. g3 d3 $2 {[%mdl 8192]} (62... Qe4 $11 63. Qg5 d3) 63. Qd5+ Ka7 64. Qd7+ $2 (64. b4 $18 Qe2 65. Qd4+ Kb8 66. b5) 64... Ka6 $11 65. b4 {[%cal Bb3b4,Bb4b5][%mdl 32] aiming for Qc6+.} d2 $2 {[%mdl 8192] [#]} (65... Qe4 $11) 66. Qc6+ $1 $18 {White is clearly winning.} Ka7 67. b5 {White wants to mate with Qc7+.} d1=Q 68. Qc7+ Ka8 69. Qc8+ Ka7 70. b6+ Qxb6 71. axb6+ Kxb6 72. Qe6+ 1-0

[Event "Memorial Jorge Szmetan 2017"]
[Site "Buenos Aires"]
[Date "2017.04.18"]
[Round "2"]
[White "Mareco, Sandro"]
[Black "Pichot, Alan"]
[Result "1/2-1/2"]
[WhiteElo "2655"]
[BlackElo "2556"]
[Annotator "TA"]
[PlyCount "39"]
[EventDate "2017.04.17"]
[EventType "tourn"]
[EventCountry "ARG"]
[SourceTitle "playchess.com"]
[Source "ChessBase"]
[SourceQuality "1"]

{[%evp 25,39,7,0,-8,-9,-4,0,0,0,0,0,-4,-6,-8,17,0]} 1. Nf3 Nf6 2. c4 e6 3. g3 d5 4. Bg2 Be7 5. O-O O-O 6. d4 dxc4 7. Qc2 a6 8. a4 Bd7 9. Qxc4 Bc6 10. Bf4 Bd6 {E05: Open Catalan: 5 Nf3 Be7} 11. Qc1 a5 12. Nc3 Na6 13. Bg5 (13. Bd2 Nb4 14. Qb1 Bxf3 15. Bxf3 c6 16. Rd1 Qe7 17. Ne4 Nxe4 18. Qxe4 {1-0 (44) Ding,L (2760)-Aronian,L (2785) Sharjah 2017}) 13... h6 {LiveBook: 6 Games. The position is equal.} 14. Bxf6 Qxf6 15. Rd1 Nb4 16. e4 {[#] e5 is the strong threat.} e5 17. dxe5 Bxe5 18. Nxe5 Qxe5 19. Nd5 $146 Rfd8 {[%cal Rc6d5]} 20. f4 1/2-1/2